000 00739nam a22001937a 4500
005 20241016162321.0
010 _aHIN-128651
020 _c250.00
_a9789390265329
035 _aHN-100997
037 _bDBAD
082 _a425
100 _aचव्हाण अर्जुन
_972888
245 _aविश्वमंच पर हिन्दी विवध आयाम
_cअर्जुन चव्हाण
250 _aप्रथम
260 _aअमन प्रकाशन
270 _bकानपुर
_k8882 898 898
_a104A/80C, रामबाग, कानपुर.
_e208012
300 _a104 पृ.
_c22सेमी. (अजिल्द)
942 _2ddc
_cHN
_h425
_mचव्हा
_e2021
999 _c206446
_d206446